Normal view
MARC view
- Karamat Ullah Lt Col
Entry Personal Name
001 - CONTROL NUMBER
- control field: 51040
003 - CONTROL NUMBER IDENTIFIER
- control field: NUST
005 - DATE AND TIME OF LATEST TRANSACTION
- control field: 20210314134856.0
008 - FIXED-LENGTH DATA ELEMENTS
- fixed length control field: 210314|| aca||aabn | a|a d
040 ## - CATALOGING SOURCE
- Original cataloging agency: NUST
- Transcribing agency: NUST
100 ## - HEADING--PERSONAL NAME
- Personal name: Karamat Ullah Lt Col
670 ## - SOURCE DATA FOUND
- Source citation: Work cat.: (NUST): Karamat Ullah Lt Col, Plain and reinforced concrete -1 CE-301, 2017
